[Event "Reykjavik Bikarsyrpa mot 3"]
[Site "Reykjavik"]
[Date "2017.10.28"]
[Round "4.1"]
[White "Hjaltason, Magnus"]
[Black "Briem, Benedikt"]
[Result "0-1"]
[WhiteElo "1265"]
[BlackElo "1435"]
[PlyCount "108"]
[EventDate "2017.10.27"]
[EventType "swiss"]
[EventRounds "7"]
[EventCountry "ISL"]
[SourceTitle "EXT 2024"]
[Source "ChessBase"]
[SourceDate "2023.10.10"]
[SourceVersion "1"]
[SourceVersionDate "2023.10.10"]
[SourceQuality "1"]

1. e4 c5 2. Nf3 d6 3. d4 cxd4 4. Nxd4 Nf6 5. Nc3 g6 6. Be3 Bg7 7. f3 Nc6 8. Qd2 0-0 9. 0-0-0 Bd7 10. g4 Qa5 11. h4 h5 12. g5 Nh7 13. Nxc6 bxc6 14. Bd4 c5 15. Bxg7 Kxg7 16. Kb1 Rab8 17. b3 Bc6 18. Nd5 Qxd2 19. Rxd2 Bxd5 20. exd5 Rfc8 21. Bh3 Rc7 22. Re1 Rb4 23. Re4 Rxe4 24. fxe4 Nf8 25. Rf2 Nd7 26. Bxd7 Rxd7 27. c4 a5 28. a4 f6 29. gxf6+ exf6 30. Kc2 Re7 31. Kd3 Re5 32. Rg2 g5 33. hxg5 fxg5 34. Ke3 Kg6 35. Kf3 h4 36. Re2 Kh5 37. Rg2 Re8 38. Rf2 g4+ 39. Kf4 g3 40. Rg2 Rf8+ 41. Ke3 Kg4 42. Rg1 h3 43. e5 dxe5 44. d6 Rd8 45. Rd1 h2 46. Ke4 g2 47. Kxe5 g1Q 48. Rd5 Qe3+ 49. Kf6 Qh6+ 50. Ke5 Qf8 51. Rd4+ cxd4 52. Kd5 Qxd6+ 53. Ke4 h1Q+ 54. Kd3 Qf1+ 0-1

[Event "Reykjavik op"]
[Site "Reykjavik"]
[Date "2017.04.27"]
[Round "10"]
[White "Hjaltason, Magnus"]
[Black "Briem, Benedikt"]
[Result "0-1"]
[WhiteElo "1205"]
[BlackElo "1446"]
[PlyCount "111"]
[EventDate "2017.04.19"]
[EventType "swiss"]
[EventRounds "10"]
[EventCountry "ISL"]
[SourceTitle "CBM 178 Extra"]
[Source "ChessBase"]
[SourceDate "2017.06.22"]
[SourceVersion "1"]
[SourceVersionDate "2017.06.22"]
[SourceQuality "1"]

1. e4 c5 2. Nf3 e6 3. d4 cxd4 4. Nxd4 Nc6 5. Nc3 Nf6 6. f3 Bb4 7. Nxc6 bxc6 8. Bd2 d5 9. e5 Nd7 10. a3 Ba5 11. f4 Qc7 12. Ne2 Bxd2+ 13. Qxd2 Qb6 14. Qd4 c5 15. Qc3 Rb8 16. b3 Ba6 17. Ng3 Bxf1 18. Rxf1 g6 19. f5 Qc7 20. fxe6 fxe6 21. Kd2 Ke7 22. Rae1 Rhf8 23. Rxf8 Rxf8 24. Qe3 Qa5+ 25. b4 cxb4 26. axb4 Qxb4+ 27. c3 Qf4 28. Ra1 Qxe3+ 29. Kxe3 Ra8 30. Kd4 a5 31. Ne2 a4 32. Nf4 a3 33. Nd3 a2 34. Nb4 Rc8 35. Rxa2 Rc4+ 36. Kd3 Nxe5+ 37. Kd2 Nd7 38. Ra1 h6 39. Re1 Kd6 40. g3 Nc5 41. Kc2 d4 42. Na2 dxc3 43. Nxc3 Na4 44. Kb3 Rxc3+ 45. Kxa4 Rc2 46. Rd1+ Ke7 47. h4 h5 48. Kb3 Rf2 49. Rd3 Kf6 50. Kc4 Kf5 51. Re3 e5 52. Kd5 Rd2+ 53. Kc4 Rf2 54. Kd5 Rd2+ 55. Kc4 e4 56. Kc3 0-1

[Event "Reykjavik op"]
[Site "Reykjavik"]
[Date "2017.04.23"]
[Round "6"]
[White "Hjaltason, Magnus"]
[Black "Steinthorsson, Birgir Logi"]
[Result "1-0"]
[WhiteElo "1205"]
[BlackElo "1040"]
[PlyCount "59"]
[EventDate "2017.04.19"]
[EventType "swiss"]
[EventRounds "10"]
[EventCountry "ISL"]
[SourceTitle "CBM 178 Extra"]
[Source "ChessBase"]
[SourceDate "2017.06.22"]
[SourceVersion "1"]
[SourceVersionDate "2017.06.22"]
[SourceQuality "1"]

1. e4 d5 2. exd5 Qxd5 3. Nc3 Qd6 4. d4 Nf6 5. Nf3 g6 6. Be2 Bg7 7. 0-0 0-0 8. Nb5 Qb4 9. Nxc7 Qd6 10. Nxa8 Ng4 11. Ne5 Bxe5 12. dxe5 Qxe5 13. Bxg4 Bxg4 14. Qxg4 Nc6 15. Qf4 Qa5 16. Nc7 e5 17. Qf6 Ne7 18. Bh6 Nf5 19. Bxf8 Qxc7 20. Ba3 Nd4 21. c3 Ne2+ 22. Kh1 Qc4 23. Rfd1 Nd4 24. cxd4 e4 25. Rac1 Qe6 26. Qxe6 fxe6 27. Rc7 e3 28. fxe3 b6 29. Rf1 e5 30. Rf8# 1-0